| 000 | 00736nam a2200253Ia 4500 | ||
|---|---|---|---|
| 003 | OSt | ||
| 005 | 20221006145422.0 | ||
| 006 | a|||||r|||| 00| 0 | ||
| 007 | ta | ||
| 008 | 221006b |||||||| |||| 00| 0 eng d | ||
| 020 |
_a023104020 _cP16.50 |
||
| 024 | _a14,781 | ||
| 037 | _cTextual | ||
| 040 |
_aEASL _cEASL _beng |
||
| 041 |
_2eng _aeng |
||
| 082 | _aO4295,1x, 111M7 | ||
| 100 |
_aCHEUNG Dominic Ed. _9654381 |
||
| 245 | 0 |
_aIsle full of noises _b Modern Chinese poetry from Taiwan |
|
| 260 |
_aNew York _bColumbia University Press _c1987 |
||
| 300 |
_a265p. _ccm. |
||
| 490 |
_v JEL _aMorden Asian literature |
||
| 942 |
_hO4295,1x, 111M7 _cTEXL _2CC |
||
| 999 |
_c1082867 _d1082867 |
||